Tankötelezettség és generációs közösségi tanulás a tanyai népiskolákban
Magyarországon a kiegyezést és az 1868-as tankötelezettségi törvényt követően vett nagyobb lendületet a közoktatás, amire nagy szükség volt, mert 1880-ban analfabéta volt a hat éven felüli lakosság közel hatvan százaléka. De nem volt elegendő iskola és tanító sem.A törvény nyomán tanyai iskolák léte...
Elmentve itt :
| Szerző: | |
|---|---|
| Dokumentumtípus: | Cikk |
| Megjelent: |
2024
|
| Sorozat: | KÖZÖSSÉGI KAPCSOLÓDÁSOK - TANULMÁNYOK KULTÚRÁRÓL ÉS OKTATÁSRÓL
4 No. 1 |
| Tárgyszavak: | |
| doi: | 10.14232/kapocs.2024.1.74-85 |
| mtmt: | 35074860 |
| Online Access: | http://publicatio.bibl.u-szeged.hu/38794 |
| LEADER | 01884nab a2200217 i 4500 | ||
|---|---|---|---|
| 001 | publ38794 | ||
| 005 | 20260121125727.0 | ||
| 008 | 260121s2024 hu o 000 hun d | ||
| 022 | |a 2786-3484 | ||
| 024 | 7 | |a 10.14232/kapocs.2024.1.74-85 |2 doi | |
| 024 | 7 | |a 35074860 |2 mtmt | |
| 040 | |a SZTE Publicatio Repozitórium |b hun | ||
| 041 | |a hun | ||
| 100 | 2 | |a T. Molnár Gizella | |
| 245 | 1 | 0 | |a Tankötelezettség és generációs közösségi tanulás a tanyai népiskolákban |h [elektronikus dokumentum] / |c T. Molnár Gizella |
| 260 | |c 2024 | ||
| 300 | |a 74-85 | ||
| 490 | 0 | |a KÖZÖSSÉGI KAPCSOLÓDÁSOK - TANULMÁNYOK KULTÚRÁRÓL ÉS OKTATÁSRÓL |v 4 No. 1 | |
| 520 | 3 | |a Magyarországon a kiegyezést és az 1868-as tankötelezettségi törvényt követően vett nagyobb lendületet a közoktatás, amire nagy szükség volt, mert 1880-ban analfabéta volt a hat éven felüli lakosság közel hatvan százaléka. De nem volt elegendő iskola és tanító sem.A törvény nyomán tanyai iskolák létesültek, melyek köré hamarosan közösségek szerveződtek, amiben nagy szerepe volt az ott működő tanítóknak. Eötvös kultuszminiszter számított is a tanítóság elhivatottságára, s 1870-ben körrendeletben buzdította a tanítókat, hogy segítsék az elmaradottakat az írás, olvasás, számolás és egyéb elemi ismeretek elsajátításában. A tanítók feladataként a tankötelezettek oktatása mellett az általános műveltség és közhasznú ismeretek terjesztését is megjelölte. A közmegbecsülésnek örvendő tanító a közösségi tanulás, az intergenerációs ismeretátadás számos formáját valósította meg az iskola falai között. A tanulmány ezt a folyamatot, benne a tanítók szerepét mutatja be konkrét példákkal. | |
| 650 | 4 | |a Oktatástudomány | |
| 856 | 4 | 0 | |u http://publicatio.bibl.u-szeged.hu/38794/1/T.MolnarGizella.pdf |z Dokumentum-elérés |